Padres de la Constitución Española - Estadísticas

Estadísticas generales
  • Esta prueba ha sido intentada 9 veces
  • La puntuación promedio es 3 de 7
Estadísticas de respuestas
Partido Nombre % Correcto
Partido Comunista de España Jordi Solé Tura
71%
Alianza Popular Manuel Fraga Iribarne
71%
Partido Socialista Obrero Español Gregorio Peces-Barba Martínez
43%
Unión de Centro Democrático Miguel Herrero y Rodríguez de Miñón
43%
Unión de Centro Democrático Gabriel Cisneros Laborda
29%
Minorías Catalana y Vasca Miquel Roca Junyet
29%
Unión de Centro Democrático José Pedro Pérez-Llorca Rodrigo
14%
No se encontraron pruebas coincidentes
Distribución de puntuación
Porcentaje de gente con cada puntuación
Porcentaje por número respondido
Historial de tus puntuaciones
No has intentado esta prueba.